000 00626cam a22002413a 4500
001 1987
003 PGUSA
005 20140828083009.0
008 991201s1999||||xxu|||||s|||||000 1 eng d
040 _aPGUSA
_beng
042 _adc
050 4 _aPS
100 1 _aAdams, Andy,
_d1859-1935
245 1 4 _aThe Outlet
_h[electronic resource] /
_cAndy Adams
260 _bProject Gutenberg,
_c1999
506 _aPublic domain in the USA.
516 _aElectronic text
653 _aWestern stories
653 _aFiction
830 0 _aProject Gutenberg
_v1987
856 4 0 _uhttp://www.gutenberg.org/ebooks/1987
942 _cEB
999 _c231327
_d231327